| 000 | 01013 a2200217 4500 | ||
|---|---|---|---|
| 999 |
_c3503 _d3503 |
||
| 020 | _a3540208798 (pbk. : acidfree paper) | ||
| 050 | 0 | 0 | _aQA9DAL 2004 |
| 100 | 1 |
_aDalen, D. van _d1932- |
|
| 245 | 1 | 0 |
_aLogic and structure / _cDirk van Dalen. |
| 250 | _a4th ed. | ||
| 264 |
_aNew York: _bSpringer., _c2004 |
||
| 300 | _ax, 263 p. ; | ||
| 500 | _aIncludes bibliographical references (p. [257]-258) and index. | ||
| 504 | _aIncludes bibliographical references (p. [257]-258) and index. | ||
| 650 | 0 | _aLogic, Symbolic and mathematical. | |
| 856 | 4 | 2 |
_3Contributor biographical information _uhttp://www.loc.gov/catdir/enhancements/fy0817/2004045235-b.html |
| 856 | 4 | 2 |
_3Publisher description _uhttp://www.loc.gov/catdir/enhancements/fy0817/2004045235-d.html |
| 856 | 4 | 1 |
_3Table of contents only _uhttp://www.loc.gov/catdir/enhancements/fy0817/2004045235-t.html |
| 942 |
_2lcc _cBK _h9 _iDAL _kQA |
||